000 00449nam a2200145Ia 4500
003 OSt
005 20260128122738.0
008 211028s2018 xx 000 0 und d
040 _cAIMIT LIBRARY
041 _aeng
100 _aRodrigues, Anjali Voilet; Dias, Beena.
_g1616018
_97775
245 _aStudy on factors influencing employee attrition at Hinduja global solutions Mangalore /
260 _aMangalore
_bBeena Dias.
_c2018
942 _2ddc
_cPRO
999 _c219343
_d219343